000 00296nam a2200121Ia 4500
008 191201s2012 xx 000 0 und d
100 _aTHAKUR, Rajesh chandra
245 0 _aDiplomacy: Theory and Practice
260 _aN. Delhi
_bVikas Pub
_c2012
300 _a188
650 _aMBA
942 _2ddc
_cBK
999 _c261
_d261